000 00536nam a2200145 a 4500
008 120416s1971 ||||||||||||||||| || u
050 _aHB 74.M3 Puc
100 _aPuckett, Richard H
245 1 0 _aIntroduction to mathematical economics
246 _amatrix algebra and linear economic models
260 _aLexington, Mass.
_bD.C. Heath
_c1971
300 _aviii, 276p.
350 _a0.00
995 _D0.00
_FCBU-MAIN LIBRARY (Kitwe)
_H1
_I0.00
_UDAMAGED
_ZMain Library Open Access Collection
999 _c47853
_d47853